000 00403nam a22001697a 4500
003 CEME
005 20210628203220.0
008 210119b xxu||||| |||| 00| 0 eng d
020 _a969-0-02126-5
040 _cceme
082 _a954.91053 PER
100 _aPervez Musharraf
_952559
245 _aSab say pahlay pakistan
260 _aLAHORE
_bFEROZSONS
_c2006
300 _a418 P
942 _cBK
_2ddc
999 _c572681
_d572681